000
00278pam a2200109a 44500
008
230405s2017 xxu||||| |||| 00| 0 eng d
041
_a
ENG
100
_a
S.B GOKHALE
245
_a
DISPENSING AND COMMUNITY PHARMACY
260
_a
_b
NIRALI PRAKASHAN PUNE
_c
2017
906
_a
5499
999
_c
270938
_d
270938